Feuille religieuse du Canton de Vaud.

Saved in:
Bibliographic Details
Format: Journal
Language:French
Published: Lausanne : Frères Blanchard, [1826-
Subjects:
Tags: Add Tag
No Tags, Be the first to tag this record!
LEADER 00602cas a2200229Ia 4500
001 001982955-8
005 20071119095629.0
008 901015d182618uusz br p 0 0fre
010 |a ca 18001146  
035 0 |a ocm22515215 
040 |a DLC  |c BHA  |d OCL 
043 |a e-sz--- 
090 |a BR1030 
245 0 0 |a Feuille religieuse du Canton de Vaud. 
260 |a Lausanne :  |b Frères Blanchard,  |c [1826- 
300 |a v. ;  |c 21 cm. 
310 |a Bimonthly 
362 0 |a 1er janv. 1826- 
500 |a Title from caption. 
651 0 |a Vaud (Switzerland)  |x Religion  |v Periodicals. 
988 |a 20020608 
906 |0 DLC